[Event "Online Olym Div3 A"]
[Site "Chess.com INT"]
[Date "2020.08.07"]
[Round "2.4"]
[White "Tran, Thanh Tu"]
[Black "Hamad, Ahmad"]
[Result "1-0"]
[WhiteElo "2346"]
[BlackElo "2207"]
[PlyCount "89"]
[EventDate "2020.08.07"]
[EventType "team-tourn (rapid)"]
[EventRounds "9"]
[EventCountry "USA"]
[SourceTitle "CBM 198"]
[Source "ChessBase"]
[SourceDate "2020.10.31"]
[SourceVersion "1"]
[SourceVersionDate "2020.10.31"]
[SourceQuality "1"]
[WhiteTeam "Japan"]
[BlackTeam "Syria"]
[WhiteTeamCountry "JPN"]
[BlackTeamCountry "SYR"]

1. Nf3 g6 2. d4 Bg7 3. Bf4 d6 4. e3 Nd7 5. c3 e5 6. dxe5 dxe5 7. Bg5 f6 8. Bh4 Nh6 9. Bc4 Qe7 10. Nbd2 Nf5 11. Bg3 Nd6 12. Bb3 Nc5 13. 0-0 Nxb3 14. axb3 Be6 15. Qe2 a6 16. e4 Qf7 17. c4 0-0 18. Rfe1 Rfd8 19. h3 Bf8 20. Rac1 Nc8 21. Nb1 Na7 22. Nc3 b5 23. Nd5 c6 24. Ne3 Bc5 25. cxb5 Bxe3 26. Qxe3 cxb5 27. Qb6 Rab8 28. Qxa6 Bxb3 29. Qa5 Rd7 30. Bxe5 Rbd8 31. Bc7 Rc8 32. Bb6 Bc4 33. e5 Nc6 34. Qa6 Re8 35. b3 Nb8 36. Qa1 Bxb3 37. exf6 Rxe1+ 38. Rxe1 Bd5 39. Ne5 Qxf6 40. Nxd7 Nxd7 41. Bd4 Qg5 42. f3 Bxf3 43. Qb2 Bc6 44. Qf2 Qd5 45. Re8+ 1-0

[Event "Beirut op 4th"]
[Site "Beirut"]
[Date "2011.05.21"]
[Round "8"]
[White "Sohib, Okla"]
[Black "Hamad, Ahmad"]
[Result "1/2-1/2"]
[WhiteElo "2093"]
[BlackElo "2271"]
[PlyCount "50"]
[EventDate "2011.05.14"]
[EventType "swiss"]
[EventRounds "9"]
[EventCountry "LBN"]
[SourceTitle "CBM 142 Extra"]
[Source "ChessBase"]
[SourceDate "2011.06.27"]
[SourceVersion "1"]
[SourceVersionDate "2011.06.27"]
[SourceQuality "1"]

1. Nf3 d5 2. g3 Bg4 3. Bg2 Nd7 4. d4 c6 5. c4 dxc4 6. 0-0 e6 7. a4 a5 8. Qc2 Bxf3 9. Bxf3 Nb6 10. Rd1 Bb4 11. Na3 Bxa3 12. Rxa3 Nf6 13. Bg5 h6 14. Bxf6 gxf6 15. b3 Qe7 16. Raa1 cxb3 17. Qxb3 Nd5 18. Bxd5 exd5 19. Rab1 Rb8 20. Qf3 Qe4 21. Qxf6 0-0 22. Qxh6 Qxe2 23. Qg5+ Kh8 24. Qh6+ Kg8 25. Qg5+ Kh8 1/2-1/2

[Event "Arab Clubs-chT 11th"]
[Site "Tunis"]
[Date "2009.12.16"]
[Round "6"]
[White "Hamad, Ahmad"]
[Black "Ezat, Mohamed Mahmoud"]
[Result "1/2-1/2"]
[WhiteElo "2281"]
[BlackElo "2472"]
[PlyCount "133"]
[EventDate "2009.12.12"]
[EventType "team-swiss"]
[EventRounds "9"]
[EventCountry "TUN"]
[SourceTitle "EXT 2020"]
[Source "ChessBase"]
[SourceDate "2019.10.17"]
[SourceVersion "1"]
[SourceVersionDate "2019.10.17"]
[SourceQuality "1"]
[WhiteTeam "Omal Essekek"]
[BlackTeam "Eastern Company"]
[WhiteTeamCountry "SYR"]
[BlackTeamCountry "EGY"]

1. b3 Nf6 2. Bb2 g6 3. Bxf6 exf6 4. c4 Bg7 5. Nc3 0-0 6. g3 f5 7. Bg2 Nc6 8. Nh3 Nd4 9. Rc1 c6 10. 0-0 d6 11. e3 Ne6 12. b4 Bd7 13. d4 Ng5 14. Nxg5 Qxg5 15. b5 h5 16. bxc6 bxc6 17. Qa4 Rfc8 18. d5 Be8 19. dxc6 Bxc3 20. Rxc3 f4 21. exf4 Qc5 22. Qb5 Bxc6 23. Qxc5 dxc5 24. Bxc6 Rxc6 25. Rb1 Ra6 26. Rb5 Rxa2 27. Rxc5 a5 28. Rd5 a4 29. c5 a3 30. Rdd3 Ra1+ 31. Kg2 a2 32. Ra3 Rxa3 33. Rxa3 Rc1 34. Rxa2 Rxc5 35. h3 Kg7 36. Re2 Rc4 37. Kf3 Rd4 38. g4 hxg4+ 39. hxg4 Rd3+ 40. Re3 Rd5 41. Kg3 Ra5 42. Re5 Ra3+ 43. f3 Kf6 44. Rb5 Ra6 45. f5 Kg7 46. fxg6 Kxg6 47. f4 f6 48. Rb7 Ra3+ 49. Kh4 Ra4 50. f5+ Kh6 51. Rb6 Kg7 52. Kh5 Ra7 53. g5 fxg5 54. Kxg5 Rc7 55. Rg6+ Kf7 56. Rh6 Rc1 57. Rh7+ Kg8 58. Re7 Kf8 59. Kf6 Rc6+ 60. Re6 Rc7 61. Ra6 Rf7+ 62. Kg6 Rg7+ 63. Kf6 Rf7+ 64. Ke5 Re7+ 65. Re6 Rf7 66. Rd6 Re7+ 67. Kd5 1/2-1/2

[Event "Asia Cities-ch 16th"]
[Site "Beirut"]
[Date "2009.04.20"]
[Round "7.2"]
[White "Elbaba, Ezat"]
[Black "Hamad, Ahmad"]
[Result "1/2-1/2"]
[WhiteElo "2171"]
[BlackElo "2300"]
[PlyCount "60"]
[EventDate "2009.04.16"]
[EventType "team-swiss"]
[EventRounds "9"]
[EventCountry "LBN"]
[SourceTitle "EXT 2020"]
[Source "ChessBase"]
[SourceDate "2019.10.17"]
[SourceVersion "1"]
[SourceVersionDate "2019.10.17"]
[SourceQuality "1"]
[WhiteTeam "Damascus"]
[BlackTeam "Aleppo"]
[WhiteTeamCountry "SYR"]
[BlackTeamCountry "SYR"]

1. c4 g6 2. Nc3 Bg7 3. g3 c5 4. Bg2 Nc6 5. d3 Rb8 6. e4 a6 7. Be3 d6 8. a4 Nf6 9. h3 0-0 10. Nge2 Ne8 11. d4 cxd4 12. Nxd4 Bd7 13. Rc1 Nc7 14. Qd2 Nxd4 15. Bxd4 Bxd4 16. Qxd4 b5 17. cxb5 axb5 18. axb5 Nxb5 19. Qd2 Nxc3 20. bxc3 Qa5 21. 0-0 Rfc8 22. Rfe1 Be6 23. h4 Rc5 24. Kh2 Rbc8 25. Re3 h6 26. Bh3 Bxh3 27. Kxh3 Qa4 28. Rce1 Qc6 29. Rc1 Qd7+ 30. Kg2 Qe6 1/2-1/2

[Event "Asia Cities-ch 16th"]
[Site "Beirut"]
[Date "2009.04.17"]
[Round "2.5"]
[White "Navabi, Shirin"]
[Black "Hamad, Ahmad"]
[Result "1/2-1/2"]
[WhiteElo "2092"]
[BlackElo "2300"]
[PlyCount "84"]
[EventDate "2009.04.16"]
[EventType "team-swiss"]
[EventRounds "9"]
[EventCountry "LBN"]
[SourceTitle "EXT 2020"]
[Source "ChessBase"]
[SourceDate "2019.10.17"]
[SourceVersion "1"]
[SourceVersionDate "2019.10.17"]
[SourceQuality "1"]
[WhiteTeam "Bandar Imam Khomeini"]
[BlackTeam "Aleppo"]
[WhiteTeamCountry "IRI"]
[BlackTeamCountry "SYR"]

1. d4 g6 2. g3 Bg7 3. Bg2 c6 4. c4 Na6 5. Nc3 Nh6 6. Nh3 0-0 7. 0-0 d6 8. d5 Qc7 9. Bf4 f6 10. Rc1 Nf7 11. a3 g5 12. Be3 Ne5 13. b3 Bd7 14. f3 c5 15. Nf2 Qc8 16. f4 gxf4 17. Bxf4 Ng6 18. Be3 Nc7 19. Qd2 a6 20. b4 b6 21. Nd3 Rb8 22. h4 Bg4 23. Ne4 h5 24. Nef2 Rf7 25. Kh2 e5 26. dxe6 Qxe6 27. Nxg4 hxg4 28. h5 Ne7 29. Nf4 Qe5 30. Qc3 Qg5 31. Rh1 f5 32. Qd3 Qf6 33. Rcd1 Nc8 34. Nd5 Qe5 35. Bf4 Qd4 36. Qc2 Qb2 37. Qd3 Qd4 38. bxc5 Qxd3 39. Rxd3 bxc5 40. Nxc7 Rxc7 41. Bxd6 Nxd6 42. Rxd6 Rb3 1/2-1/2

[Event "Olympiad-38"]
[Site "Dresden"]
[Date "2008.11.15"]
[Round "3"]
[White "Hamad, Ahmad"]
[Black "Predojevic, Borki"]
[Result "0-1"]
[WhiteElo "2287"]
[BlackElo "2615"]
[PlyCount "68"]
[EventDate "2008.11.13"]
[EventType "team-swiss"]
[EventRounds "11"]
[EventCountry "GER"]
[SourceTitle "CBM 128"]
[Source "ChessBase"]
[SourceDate "2009.01.28"]
[SourceVersion "1"]
[SourceVersionDate "2009.01.28"]
[SourceQuality "1"]
[WhiteTeam "Syria"]
[BlackTeam "Bosnia&Herzegovina"]
[WhiteTeamCountry "SYR"]
[BlackTeamCountry "BIH"]

1. b3 d5 2. e3 Bf5 3. g4 Be4 4. Nf3 e6 5. d3 Bxf3 6. Qxf3 Bb4+ 7. c3 Bd6 8. h4 Nd7 9. Qg2 c6 10. f4 Qc7 11. Qf3 e5 12. f5 e4 13. dxe4 Ngf6 14. exd5 Ne5 15. Qg2 Nexg4 16. dxc6 bxc6 17. Rh3 0-0 18. h5 Rfe8 19. Be2 Nh6 20. Nd2 Nxf5 21. Nc4 Rad8 22. Kd1 Ne4 23. Kc2 Bg3 24. Qf3 Nh4 25. Qf1 Rd5 26. Rxh4 Bxh4 27. Bf3 Qh2+ 28. Qg2 Qxg2+ 29. Bxg2 Rxh5 30. Kd3 Nxc3 31. Bxc6 Rd8+ 32. Kc2 Bf6 33. Bd2 Ne4 34. Rd1 Nxd2 0-1

[Event "Izmir op 7th"]
[Site "Izmir"]
[Date "2008.09.07"]
[Round "10"]
[White "Atalik, Suat"]
[Black "Hamad, Ahmad"]
[Result "1-0"]
[WhiteElo "2585"]
[BlackElo "2276"]
[PlyCount "81"]
[EventDate "2008.08.30"]
[EventType "swiss"]
[EventRounds "10"]
[EventCountry "TUR"]
[SourceTitle "CBM 126 Extra"]
[Source "ChessBase"]
[SourceDate "2008.11.05"]
[SourceVersion "1"]
[SourceVersionDate "2008.11.05"]
[SourceQuality "1"]

1. d4 f5 2. Nc3 d5 3. Bf4 Nf6 4. e3 e6 5. Nf3 Bd6 6. Bd3 Nc6 7. 0-0 0-0 8. Ne2 h6 9. c4 g5 10. Bxd6 cxd6 11. Nc3 Ne7 12. cxd5 Nexd5 13. Nxd5 Nxd5 14. e4 Nf4 15. exf5 exf5 16. Bc4+ Kg7 17. Rc1 b5 18. Bxb5 Rb8 19. Bc4 Rxb2 20. d5 Qf6 21. Re1 Bd7 22. Bb3 Rc8 23. Rxc8 Bxc8 24. Nd4 Kg6 25. Ne6 Bxe6 26. dxe6 Qe7 27. Qf3 Rd2 28. h4 d5 29. h5+ Kh7 30. Qe3 Rd3 31. Qe5 Rd2 32. Qxf5+ Kg7 33. Bc2 Re2 34. Qh7+ Kf6 35. Qxh6+ Ke5 36. Rxe2+ Nxe2+ 37. Kf1 Nf4 38. g3 Nxe6 39. Qh8+ Kd6 40. h6 Qc7 41. h7 1-0

[Event "Amman tt"]
[Site "Amman"]
[Date "2008.06.27"]
[Round "7"]
[White "Hamad, Ahmad"]
[Black "Obada, Ahmad Azeezjawad"]
[Result "0-1"]
[WhiteElo "2288"]
[BlackElo "2361"]
[PlyCount "64"]
[EventDate "2008.06.21"]
[EventType "team"]
[EventRounds "8"]
[EventCountry "JOR"]
[SourceTitle "CBM 125 Extra"]
[Source "ChessBase"]
[SourceDate "2008.09.01"]
[SourceVersion "1"]
[SourceVersionDate "2008.09.01"]
[SourceQuality "1"]

1. e4 e5 2. Nc3 Nc6 3. Bc4 d6 4. d3 Na5 5. f4 Nxc4 6. dxc4 exf4 7. Bxf4 Be6 8. Qe2 g5 9. Be3 Bg7 10. Qd3 h6 11. Nge2 Nf6 12. Bd4 c5 13. Bxf6 Bxf6 14. 0-0 Be5 15. Nd5 h5 16. c3 h4 17. Rad1 Rh6 18. b4 b6 19. bxc5 bxc5 20. Rb1 Rb8 21. Ne3 Rxb1 22. Qxb1 Rf6 23. Rd1 g4 24. Qb5+ Bd7 25. Qb7 g3 26. hxg3 hxg3 27. Nf5 Bxf5 28. exf5 Rxf5 29. Qe4 Rg5 30. Rd3 Kf8 31. Qh4 Qe7 32. Nxg3 Rxg3 0-1